| 000 | 01087nam a22003137a 4500 | ||
|---|---|---|---|
| 003 | CHAP | ||
| 005 | 20220329135628.0 | ||
| 008 | 971013s1964 r 00010 d | ||
| 010 | _a39596 | ||
| 011 | _a40568 | ||
| 035 | _a44694 | ||
| 040 | _cCHAP | ||
| 082 |
_a621.8672 _bE8 |
||
| 110 |
_aE.U.A. Bureau of Reclamation _934862 |
||
| 245 | _aTables of pipe hydraulic properties ; pipe sizes, diameters 4 inche through 120 inches | ||
| 260 |
_aDenver, Colo. : _bThe Bureau, _c1964 |
||
| 300 | _a2 v. | ||
| 505 | _aContenido : v.1 4 inches through, 24 inches.--v.2 26 inches through 120 inches | ||
| 590 |
_aBATCH-UPD _b10 _c20130110 _lUCH01 _h0914 |
||
| 590 |
_aBATCH-UPD _b10 _c20130410 _lUCH01 _h0538 |
||
| 590 |
_aBATCH-UPD _b10 _c20130914 _lUCH01 _h1613 |
||
| 590 |
_aCONVERSION _b10 _c20130109 _lUCH01 _h1322 |
||
| 650 | 1 | 4 |
_aHidráulica. _955219 |
| 650 | 1 | 4 |
_aTuberÃas. _9115476 |
| 901 | _aBK | ||
| 942 | _cLIBRO | ||
| 949 |
_a621.8672 E8 _bBC _cC _d33724000498440 _eC _fv.2 _h51206 _i44694 _si _t58.50 |
||
| 949 |
_a621.8672 E8 _bBC _cMUT _d33724000498507 _eMUT _fv.1 _h51205 _i44694 _si _t58.50 |
||
| 999 |
_c39596 _d39596 |
||